Peranan dan fungsi Biro Pengaduan Awam : Biro Pengaduan Awam JPM [video recording]

Bibliographic Details
Format: Book
Published: Kuala LUmpur : Jabatan Perdana Menteri , n.d
Subjects:

MARC

LEADER 00000cam a2200000 7i4500
001 0000005010
005 20061205.0
040 |a INS 
090 0 0 |a JQ1062 
245 1 0 |a Peranan dan fungsi Biro Pengaduan Awam :   |b Biro Pengaduan Awam JPM [video recording] 
260 |a Kuala LUmpur :   |b Jabatan Perdana Menteri ,   |c n.d 
300 |a 1 Video cassette (VHS) ( ) :   |b sd.,col. ;   |c 1/2 in. 
650 0 0 |a Complaints(Administrative procedure) 
999 |a VHS466   |b VIDEO   |c Media Collection   |e Default branch